00688cam a2200217 i 4500020002600000020002300026020002500049020002200074040000800096082002600104100002300130245008400153246004700237246003500284300004400319650002400363650000900387650001900396650002700415650002800442 a9781412964234 (cloth) a1412964237 (cloth) a9781412964241 (pbk.) a1412964245 (pbk.) cDLC00a658 REP 2000 C156 Or.1 aZunker, Vernon G.,10aCareer, work, and mental health :bintegrating career and personal counseling /30aIntegrating career and personal counseling30aCareer and personal counseling axv, 269 pages :billustrations ;c26 cm 0aVocational guidance 0aWork 0aMental health. 0aCounseling psychology. 0aPsychology, Industrial.